|
|
|
|
| LEADER |
01702nam a22002657a 4500 |
| 001 |
32504 |
| 003 |
BD-DhAAL |
| 005 |
20250202160132.0 |
| 008 |
171130t1991 bg a|||| |||| 00| 0 eng d |
| 040 |
|
|
|a BD-DhAAL
|c BD-DhAAL
|
| 082 |
|
|
|2 22
|a 338.095492
|
| 245 |
|
|
|a Research reports
|f (1992)
|p Economic studies.
|n Volume VI.
|
| 264 |
|
|
|a Dhaka :
|b Bangladesh Rural Advancement Committee (BRAC),
|c 1991.
|
| 300 |
|
|
|a 372 pages :
|b illustrations ;
|c 30 cm.
|
| 504 |
|
|
|a Includes bibliographical references
|
| 541 |
|
|
|a Complimentary copy from Research and Evaluation Division (RED), BRAC
|e 32504, 44041
|
| 610 |
|
|
|a BRAC.
|9 14405
|
| 651 |
|
|
|a Bangladesh
|x Economic condition.
|9 24144
|
| 710 |
|
|
|a BRAC.
|9 14405
|
| 852 |
|
|
|a Ayesha Abed Library
|c BRAC Resource Section
|
| 942 |
|
|
|2 ddc
|c BK
|
| 999 |
|
|
|c 38763
|d 38763
|
| 952 |
|
|
|0 0
|1 0
|2 ddc
|4 0
|6 338_095492000000000_RES
|7 1
|8 RPT
|9 62182
|a BRACUL
|b BRACUL
|c BRS
|d 2017-12-07
|e Complimentary copy from Research and Evaluation Division (RED), BRAC
|l 0
|o 338.095492 RES
|p 3010032503
|r 2017-12-07
|t 1
|w 2017-12-07
|y BK
|x Complimentary copy from Research and Evaluation Division (RED), BRAC; Price not available in register.
|
| 952 |
|
|
|0 0
|1 4
|2 ddc
|4 0
|6 338_095492000000000_RES
|7 1
|8 RPT
|9 62183
|a BRACUL
|b BRACUL
|c BRS
|d 2017-12-07
|e RED, BRAC
|l 0
|o 338.095492 RES
|p 3010032504
|r 2017-12-07
|t 2
|w 2017-12-07
|y BK
|x Koha Inventory 2020RED, BRAC; Price not available in register.
|
| 952 |
|
|
|0 0
|1 0
|2 ddc
|4 0
|6 338_095492000000000_RES
|7 0
|8 RPT
|9 77303
|a SCL
|b SCL
|c GEN
|d 2025-02-02
|e Complimentary copy from Research and Evaluation Division (RED), BRAC
|l 0
|o 338.095492 RES
|p 3020044041
|r 2025-02-02
|t 2
|w 2025-02-02
|y BK
|x Complimentary copy from Research and Evaluation Division (RED), BRAC; Price not available in register.
|